| 000 | 00555nam a22001697a 4500 | ||
|---|---|---|---|
| 999 |
_c165635 _d165635 |
||
| 005 | 20190625161216.0 | ||
| 010 | _aENG-125758 | ||
| 020 |
_a9789352920877 _c65.00 |
||
| 035 | _aEN-109290 | ||
| 037 | _bDBAD/PUB | ||
| 082 | _a696.102 | ||
| 245 |
_aPlumber (general) : _b(job role) textbook for class IX |
||
| 260 |
_aNew Delhi _bNational Council of Educational Research and Training _c2018 |
||
| 270 |
_aNCERT Campus, Sri Aurobindo Marg _bNew Delhi _e110016 _k011-26562708 |
||
| 300 |
_a57p. _c26cm(pbk) |
||
| 942 |
_2ddc _cEN _h696.102 _mPLU |
||